[Event "AUTO-OPEN-2017"]
[Site "http://www.queenalice.com/game.php?id=793496"]
[Date "2010.6.22"]
[Round "1"]
[White "Hagi"]
[Black "carlossaavedra"]
[Result "0-1"]
[WhiteElo "1697"]
[BlackElo "1586"]

1. d4 d5 2. e3 Nf6 3. c4 c6 4. c5 e6 5. Nf3 g6 6. Be2 Bg7 7. O-O O-O 8. Re1 b6
9. cxb6 axb6 10. b3 b5 11. a4 bxa4 12. bxa4 Ba6 13. Bxa6 Rxa6 14. Nc3 Qa5 15.
Bd2 Qc7 16. e4 Nxe4 17. Nxe4 Nd7 18. Bb4 Rfa8 19. Bd6 Qa7 20. Bb4 Rxa4 21. Rxa4
Qxa4 22. Bc3 dxe4 23. Rxe4 Qxd1+ 24. Re1 Qc2 25. Bd2 Ra4 26. Rc1 Qxc1+ 27. Bxc1
Ra1 28. g3 Rxc1+ 29. Kg2 Rc4 30. h4 Bxd4 31. Nxd4 Rxd4 32. Kh3 c5 33. Kg2 c4 34.
Kf3 c3 35. Ke3 Rd5 36. Kf3 c2 37. Kg2 c1=Q 38. Kh3 h5 39. f3 Qh1# 0-1

[Event "AUTO-OPEN-2017"]
[Site "http://www.queenalice.com/game.php?id=793497"]
[Date "2010.6.22"]
[Round "1"]
[White "carlossaavedra"]
[Black "Hagi"]
[Result "1-0"]
[WhiteElo "1564"]
[BlackElo "1696"]

1. e4 d5 2. exd5 Qxd5 3. Nc3 Qe6+ 4. Qe2 Qxe2+ 5. Bxe2 e5 6. Nf3 Nc6 7. Bb5 Bd7
8. Nd5 O-O-O 9. Bxc6 Bxc6 10. Ne3 e4 11. Ne5 Bd5 12. Nxd5 Nh6 13. Nc3 Re8 14.
Nc4 Nf5 15. O-O Nd4 16. Ne3 Ne2+ 17. Nxe2 g6 18. Ng4 f5 19. Nf6 Re5 20. Nc3 Be7
21. Nfd5 Bc5 22. d3 c6 23. Bf4 Re6 24. Ne3 h6 25. Na4 Be7 26. b3 b5 27. Nb2 Bf6
28. Rab1 Bxb2 29. Rxb2 h5 30. dxe4 Rxe4 31. g3 a6 32. c4 b4 33. Re1 Rd8 34. Kf1
Red4 35. Ke2 h4 36. Rd1 hxg3 37. Rxd4 Rxd4 38. hxg3 a5 39. Rd2 Re4 40. Rd6 Kc7
41. Re6+ Kd7 42. Rxe4 fxe4 43. Ng4 c5 44. Ne5+ Ke6 45. Nxg6 Kf5 46. Ne5 Ke6 47.
Nc6 Kf5 48. Nxa5 Ke6 49. Ke3 Kf5 50. Nb7 Ke6 51. Nxc5+ Kf5 52. Nxe4 Kg6 53. Nc5
Kf7 54. Na6 Ke7 55. Nxb4 Kd7 56. Ke4 Ke7 57. a4 Kd7 58. Nd3 Kc6 59. b4 Kd7 60.
a5 Kc6 61. Kd4 Kb7 62. b5 Kc8 63. a6 Kd7 64. c5 1-0

[Event "AUTO-OPEN-2017"]
[Site "http://www.queenalice.com/game.php?id=793520"]
[Date "2010.6.22"]
[Round "1"]
[White "cpp_loko"]
[Black "carlossaavedra"]
[Result "0-1"]
[WhiteElo "1345"]
[BlackElo "1575"]

1. d4 d5 2. h3 e6 3. Nf3 Bd6 4. a3 Nf6 5. Nc3 O-O 6. Bg5 h6 7. Bxf6 Qxf6 8. Nb5
Rd8 9. Qd3 a6 10. Nc3 c5 11. Na4 c4 12. Qd2 Bd7 13. Nb6 Ra7 14. Nxd7 Nxd7 15. g4
Qf4 16. Qxf4 Bxf4 17. e3 Bd6 18. g5 h5 19. Be2 g6 20. O-O-O b5 21. c3 a5 22. Kd2
Nb6 23. Kc2 b4 24. Ne5 Bxe5 25. dxe5 b3+ 26. Kd2 Na4 27. Kc1 Nc5 28. f3 Nd7 29.
Rhf1 Nxe5 30. f4 Nd7 31. Bf3 Nb6 32. e4 Rad7 33. exd5 Nxd5 34. Bxd5 Rxd5 35. Rf3
Rxd1# 0-1

[Event "AUTO-OPEN-2017"]
[Site "http://www.queenalice.com/game.php?id=793521"]
[Date "2010.6.22"]
[Round "1"]
[White "carlossaavedra"]
[Black "cpp_loko"]
[Result "1-0"]
[WhiteElo "1566"]
[BlackElo "1381"]

1. e4 d5 2. exd5 Qxd5 3. Nc3 Qc6 4. f3 Na6 5. Bb5 Qxb5 6. Nxb5 Be6 7. d3 c6 8.
Nd4 Nf6 9. Nxe6 fxe6 10. Bg5 O-O-O 11. Bxf6 exf6 12. Nh3 Bc5 13. Nf4 e5 14. Ne6
Rd6 15. Nxg7 Rg8 16. Nf5 Rdd8 17. Ne7+ Bxe7 18. O-O Bc5+ 19. Kh1 Rd7 20. g3 Rdg7
21. Qd2 Bb4 22. Qh6 Be7 23. Rfe1 Nb4 24. Re2 Bc5 25. Qxf6 Nd5 26. Qf5+ Kd8 27.
Rxe5 Bf2 28. c4 Ne7 29. Qe4 Rg6 30. Rxe7 Bxg3 31. hxg3 Rxg3 32. Rxh7 Re8 33.
Qh4+ Re7 34. Qxe7+ Kc8 35. Qc7# 1-0

[Event "AUTO-OPEN-2017"]
[Site "http://www.queenalice.com/game.php?id=793535"]
[Date "2010.6.22"]
[Round "1"]
[White "carlossaavedra"]
[Black "JMendes"]
[Result "0-1"]
[WhiteElo "1586"]
[BlackElo "1642"]

1. e4 e5 2. Qh5 Nf6 3. Qxe5+ Be7 4. Qg3 O-O 5. d3 d5 6. Bh6 Nh5 7. Qe3 gxh6 8.
Qxh6 Ng7 9. Nc3 Bg5 10. Qxg7+ Kxg7 11. Nxd5 c6 12. Nc3 Qf6 13. Nf3 Bg4 14. Nxg5
Qxg5 15. h3 Bd7 16. h4 Qf4 17. g3 Qe5 18. Be2 f5 19. f4 Qd4 20. e5 Qe3 21. Rh3
Qg1+ 22. Bf1 Rg8 23. Ne2 Qb6 24. O-O-O Be6 25. b3 a5 26. Nc3 Qd4 27. Na4 b5 28.
Nb2 a4 29. Rh2 a3 0-1

[Event "OS INCLIVEIS"]
[Site "http://www.queenalice.com/game.php?id=797626"]
[Date "2010.7.2"]
[Round "-"]
[White "adelio"]
[Black "carlossaavedra"]
[Result "1-0"]
[WhiteElo "1526"]
[BlackElo "1582"]

1. b4 e6 2. b5 b6 3. Bb2 Nf6 4. Nc3 a6 5. e4 e5 6. Nf3 d6 7. d4 exd4 8. Qxd4 c5
9. Qd1 axb5 10. Nxb5 Ba6 11. Bd3 Bxb5 12. Bxb5+ Nbd7 13. e5 Ng4 14. O-O dxe5 15.
h3 Ra5 16. c4 e4 17. Re1 Nf6 18. Bxf6 gxf6 19. Rxe4+ Be7 20. Qd2 Rg8 21. Rae1
Kf8 22. Bxd7 Ra7 23. Rxe7 Kg7 24. Qd5 Rc7 25. Qxf7+ Kh6 26. Qxh7# 1-0

[Event "OS INCLIVEIS"]
[Site "http://www.queenalice.com/game.php?id=799043"]
[Date "2010.7.5"]
[Round "-"]
[White "adelio"]
[Black "carlossaavedra"]
[Result "1-0"]
[WhiteElo "1584"]
[BlackElo "1577"]

1. b4 e5 2. Bb2 d6 3. b5 Nf6 4. d4 Nbd7 5. Nc3 Be7 6. e4 O-O 7. Bc4 c6 8. Nf3
exd4 9. Qxd4 c5 10. Qd2 b6 11. O-O Bb7 12. Rae1 a6 13. Nd5 Nxd5 14. Bxd5 Bxd5
15. exd5 h6 16. Re4 Nf6 17. Rh4 Nxd5 18. Rxh6 gxh6 19. Qxh6 Bf6 20. Ng5 Bxg5 21.
Qh8# 1-0

[Event "Challenge"]
[Site "http://www.queenalice.com/game.php?id=803919"]
[Date "2010.7.15"]
[Round "-"]
[White "roidechecs"]
[Black "carlossaavedra"]
[Result "0-1"]
[WhiteElo "1571"]
[BlackElo "1554"]

1. e4 e5 2. Nf3 d6 3. d4 Bg4 4. Be2 Bxf3 5. dxe5 Bxe2 6. Qxe2 dxe5 7. Nc3 Bb4 8.
Bd2 Bxc3 9. Bxc3 Nc6 10. Rd1 Qf6 11. f3 Rd8 12. Rxd8+ Qxd8 13. O-O Nd4 14. Qd3
Nf6 15. g3 O-O 16. f4 Ng4 17. fxe5 c5 18. h3 Nxe5 19. Rf5 f6 20. Qd2 Ndf3+ 21.
Rxf3 Nxf3+ 22. Kf2 Nxd2 23. Ke3 Nc4+ 24. Kf3 Qd1+ 25. Kf4 Qxc2 26. Be1 Qc1+ 27.
Kf5 Qxe1 28. g4 Nd6+ 29. Ke6 Nxe4 30. Kd5 Rd8+ 31. Kc4 Qb4# 0-1

[Event "Challenge"]
[Site "http://www.queenalice.com/game.php?id=804391"]
[Date "2010.7.16"]
[Round "-"]
[White "OsirBon"]
[Black "carlossaavedra"]
[Result "1-0"]
[WhiteElo "1576"]
[BlackElo "1559"]

1. e4 e5 2. Nf3 d6 3. Bc4 Bg4 4. Nc3 Bxf3 5. Qxf3 Qf6 6. Qe2 c6 7. d3 a5 8. Qg4
b5 9. Qc8+ Qd8 10. Bxf7+ Ke7 11. Qe6# 1-0

[Event "OS INCLIVEIS"]
[Site "http://www.queenalice.com/game.php?id=805080"]
[Date "2010.7.18"]
[Round "-"]
[White "adelio"]
[Black "carlossaavedra"]
[Result "0-1"]
[WhiteElo "1610"]
[BlackElo "1561"]

1. b4 d5 2. b5 e5 3. e3 Bd6 4. Nc3 Nf6 5. Nf3 e4 6. Nd4 c5 7. Nde2 O-O 8. Nf4 d4
9. Ncd5 Nxd5 10. Nxd5 Be6 11. Bc4 Qg5 12. h4 Qxg2 13. Rf1 a6 14. Nf4 Bxf4 15.
Bxe6 fxe6 16. exf4 Rxf4 17. Qh5 Nd7 18. d3 e3 19. f3 Qxc2 20. Rg1 Qf2+ 21. Kd1
e2+ 22. Kc2 e1=Q+ 23. Bd2 Qexd2+ 24. Kb3 Qb4# 0-1

[Event "OS INCLIVEIS"]
[Site "http://www.queenalice.com/game.php?id=805095"]
[Date "2010.7.18"]
[Round "-"]
[White "adelio"]
[Black "carlossaavedra"]
[Result "0-1"]
[WhiteElo "1574"]
[BlackElo "1537"]

1. b4 e6 2. b5 Nf6 3. Nf3 a6 4. bxa6 Nxa6 5. Nc3 Bd6 6. e4 Ng4 7. h3 Ne5 8. d4
Nxf3+ 9. Qxf3 Nb4 10. Bd2 Nxc2+ 11. Kd1 Nxa1 12. Bd3 e5 13. d5 Ra3 14. Ke2 Bb4
15. Rxa1 Bxc3 16. Bxc3 Rxc3 17. Qg4 O-O 18. f4 d6 19. Qh5 exf4 20. e5 g6 21. Qh6
dxe5 22. Be4 Re3+ 23. Kf2 Rxe4 24. Rd1 Be6 25. h4 c6 26. Qg5 f6 27. Qh6 Bxd5 28.
g4 Qb6+ 29. Kf1 Qe3 30. Qxf8+ Kxf8 31. Rxd5 cxd5 32. a4 Qd2 33. a5 Re1# 0-1

[Event "OS INCLIVEIS"]
[Site "http://www.queenalice.com/game.php?id=823433"]
[Date "2010.8.26"]
[Round "-"]
[White "adelio"]
[Black "carlossaavedra"]
[Result "0-1"]
[WhiteElo "1692"]
[BlackElo "1594"]

1. d4 Nf6 2. Nc3 d5 3. h3 e6 4. a3 a6 5. Bg5 g6 6. Nf3 Bg7 7. Ne5 h6 8. Nxf7
Kxf7 9. Bxf6 Bxf6 10. e4 dxe4 11. Nxe4 Qxd4 12. Qxd4 Bxd4 13. Rb1 Nc6 14. c3 Bb6
15. Be2 Rf8 16. O-O Kg7 17. Bf3 e5 18. Kh2 Bf5 19. Rbe1 Bxe4 20. Rxe4 Rad8 21.
h4 Rf4 22. g4 Rxf3 23. h5 Rf4 24. Rxf4 exf4 25. f3 Rd2+ 26. Kh3 Rxb2 27. Rd1 Ne5
28. Rd5 Rb5 29. Rd8 Rb3 30. Re8 Rb5 31. c4 Nxc4 32. Re7+ Kf6 33. Re8 gxh5 34.
Rf8+ Kg7 35. Rxf4 Nxa3 36. Re4 hxg4+ 37. fxg4 Nc2 38. Re7+ Kg6 39. Re6+ Kg5 40.
Re8 Rb4 41. Rg8+ Kf6 42. Rf8+ Kg7 43. Rf3 Rb5 44. Rd3 h5 45. Rd7+ Kf6 46. Rd3
hxg4+ 47. Kh4 Rg5 48. Rd2 Ne3 49. Rf2+ Nf5+ 50. Rxf5+ Kxf5 51. Kg3 a5 52. Kg2 g3
53. Kf3 g2 54. Ke2 g1=Q 55. Kd3 Qg4 56. Kc2 Qh3 57. Kb2 Rg2+ 58. Ka1 Qh1# 0-1

[Event "AUTO-BEG-401"]
[Site "http://www.queenalice.com/game.php?id=825757"]
[Date "2010.8.30"]
[Round "2"]
[White "edsonjob"]
[Black "carlossaavedra"]
[Result "0-1"]
[WhiteElo "1521"]
[BlackElo "1643"]

1. c4 d6 2. Nc3 g6 3. Nf3 Bg7 4. d4 Nf6 5. h3 Nc6 6. Be3 e6 7. Bg5 h6 8. Bf4 g5
9. Be3 a6 10. Qa4 Qd7 11. d5 exd5 12. Nxd5 Nxd5 13. cxd5 Ne5 14. Qxd7+ Nxd7 15.
O-O-O Ne5 16. Nxe5 Bxe5 17. g3 Bf5 18. f4 gxf4 19. gxf4 Bf6 20. Bd4 Bxd4 21.
Rxd4 O-O-O 22. Rc4 Rde8 23. Rg1 Re4 24. Rxe4 Bxe4 25. Bg2 Rg8 0-1

[Event "AUTO-BEG-401"]
[Site "http://www.queenalice.com/game.php?id=825758"]
[Date "2010.8.30"]
[Round "2"]
[White "carlossaavedra"]
[Black "edsonjob"]
[Result "1-0"]
[WhiteElo "1631"]
[BlackElo "1533"]

1. e4 c5 2. Bc4 e6 3. Nf3 Nc6 4. c3 Nf6 5. d3 h6 6. Bb5 a6 7. Bxc6 bxc6 8. Be3
Qc7 9. Qb3 Ng4 10. h3 Nxe3 11. fxe3 Qg3+ 12. Kf1 Rb8 13. Qc2 Qc7 14. d4 d5 15.
e5 a5 16. Nbd2 Ba6+ 17. Kf2 c4 18. Rhf1 Be7 19. Kg1 c5 20. Rab1 Bb5 21. a3 O-O
22. e4 Qc6 23. exd5 Qxd5 24. Rf2 1-0

[Event "AUTO-BEG-401"]
[Site "http://www.queenalice.com/game.php?id=825761"]
[Date "2010.8.30"]
[Round "2"]
[White "carlossaavedra"]
[Black "DONANEZ"]
[Result "1-0"]
[WhiteElo "1654"]
[BlackElo "1546"]

1. e4 e5 2. Qh5 Nc6 3. Bc4 g6 4. Qf3 Nf6 5. Nc3 Nd4 6. Qd3 Nc6 7. Nf3 d6 8. Bb5
Bd7 9. Bc4 Nb4 10. Qe2 Nxc2+ 11. Kd1 Nxa1 12. b3 Bg7 13. Bb2 1-0

[Event "AUTO-BEG-401"]
[Site "http://www.queenalice.com/game.php?id=825762"]
[Date "2010.8.30"]
[Round "2"]
[White "DONANEZ"]
[Black "carlossaavedra"]
[Result "0-1"]
[WhiteElo "1534"]
[BlackElo "1666"]

1. Nf3 f6 2. d4 d5 3. e3 Bg4 4. h3 Bxf3 5. Qxf3 e6 6. Bb5+ c6 7. Bd3 Bd6 8. Qh5+
g6 9. Bxg6+ Ke7 10. Bd3 Kd7 11. O-O f5 12. c4 Qf6 0-1